Sentence Skills: A workbook for Writers (Record no. 5060)

MARC details
005 - DATE AND TIME OF LATEST TRANSACTION
control field 20250625130245.0
020 ## - INTERNATIONAL STANDARD BOOK NUMBER
International Standard Book Number 978-0-07-282087-4
082 ## - DEWEY DECIMAL CLASSIFICATION NUMBER
Classification number 425 LAN
100 ## - MAIN ENTRY--PERSONAL NAME
Author name LANGAN, J
245 ## - TITLE STATEMENT
Title Sentence Skills: A workbook for Writers
250 ## - EDITION STATEMENT
Edition statement 7th Ed.
260 ## - PUBLICATION, DISTRIBUTION, ETC.
Place of publication, distribution, etc. Boston
Name of publisher, distributor, etc. McGraw-Hill Irwin
Date of publication, distribution, etc. 2004.
300 ## - PHYSICAL DESCRIPTION
Extent xviii,598p.
Other physical details Appendix, Index
Dimensions 22cm
942 ## - ADDED ENTRY ELEMENTS (KOHA)
Source of classification or shelving scheme Dewey Decimal Classification
Koha item type Books
Holdings
Date last seen Total checkouts Full call number Barcode Price effective from Koha item type Lost status Source of classification or shelving scheme Damaged status Not for loan Withdrawn status Home library Current library Shelving location Date acquired Source of acquisition
06/25/2025   425 LAN MZA0002142 06/25/2025 Books   Dewey Decimal Classification       CBE Mwanza CBE Mwanza General Collection 05/11/2011 Library Budget
06/25/2025   425 LAN MZA0002143 06/25/2025 Books   Dewey Decimal Classification       CBE Mwanza CBE Mwanza General Collection 05/11/2011 Library Budget
06/25/2025   425 LAN MZA0002144 06/25/2025 Books   Dewey Decimal Classification       CBE Mwanza CBE Mwanza General Collection 05/11/2011 Library Budget